First, break all the rules : (Record no. 38612)
[ view plain ]
| 000 -LEADER | |
|---|---|
| fixed length control field | 00557nam a2200193Ia 4500 |
| 001 - CONTROL NUMBER | |
| control field | 39302 |
| 005 - DATE AND TIME OF LATEST TRANSACTION | |
| control field | 20210316192410.0 |
| 008 - FIXED-LENGTH DATA ELEMENTS--GENERAL INFORMATION | |
| fixed length control field | 140423s9999 xx 000 0 und d |
| 020 ## - INTERNATIONAL STANDARD BOOK NUMBER | |
| International Standard Book Number | 9780684852867 |
| 040 ## - CATALOGING SOURCE | |
| Transcribing agency | PK-LaUMT |
| 082 ## - DEWEY DECIMAL CLASSIFICATION NUMBER | |
| Classification number | 658.409 |
| Item number | BUC-F |
| 100 ## - MAIN ENTRY--PERSONAL NAME | |
| Personal name | Buckingham, Marcus |
| 245 ## - TITLE STATEMENT | |
| Title | First, break all the rules : |
| Remainder of title | what the world's greatest managers do differently / |
| Statement of responsibility, etc | by Marcus Buckingham and Curt Coffman |
| 260 ## - PUBLICATION, DISTRIBUTION, ETC. (IMPRINT) | |
| Place of publication, distribution, etc | New York : |
| Name of publisher, distributor, etc | Simon & Schuster, |
| Date of publication, distribution, etc | 1999 |
| 300 ## - PHYSICAL DESCRIPTION | |
| Extent | 271 p. |
| 546 ## - LANGUAGE NOTE | |
| Language note | EN |
| 700 ## - ADDED ENTRY--PERSONAL NAME | |
| Personal name | Coffman, Curt |
| 942 ## - ADDED ENTRY ELEMENTS (KOHA) | |
| Koha item type | Books |
| Withdrawn status | Lost status | Damaged status | Home library | Current library | Date acquired | Full call number | Barcode | Date last seen | Price effective from | Koha item type |
|---|---|---|---|---|---|---|---|---|---|---|
| UMT Main Campus | UMT Main Campus | 2014-04-23 | 658.409 BUC-F | 42512 | 2021-03-15 | 2014-05-05 | Books |
